000 00644nam a2200193Ii 4500
003 JO-AjNU
008 230605s9999||||xx |||||||||||||| ||und||
040 _aJO-AjNU
_bara
_erda
_cJO-AjNU
041 _aara
050 1 4 _aPJ6171.H3 1963
100 3 _aتاليف الهاشمي، السيد أحمد,
_eauthor
_97340
245 0 0 _aميزان الذهب في صناعة شعر العرب
264 3 1 _aسوريا: دار الكتاب العربي، 1963
300 _a173ص
336 _atext
_btxt
_2rdacontent
337 _aunmediated
_bn
_2rdamedia
338 _avolume
_bnc
_2rdacarrier
650 4 _aاللغة العربية - عروض
_97341
999 _aA230
_c3798
_d3798